Top International Goalscorers in England Quiz Stats

 Plays Quiz not verified by Sporcle

Support Sporcle.
Go Orange.
Score 0/59 Timer 10:00
0 Plays Today
Country (Goals) Player % Correct
Ivory Coast (60)Didier Drogba
84.9%
France (51)Thierry Henry
83.7%
England (36)Wayne Rooney
82.3%
Ireland (59)Robbie Keane
80.2%
Netherlands (35)Robin van Persie
77.9%
England (30)Alan Shearer
76.1%
Ukraine (48)Andriy Shevchenko
75.2%
Bulgaria (48)Dimitar Berbatov
75.2%
England (40)Michael Owen
75.1%
Cameroon (55)Samuel Eto'o
74.1%
USA (35)Clint Dempsey
73.7%
Uruguay (35)Luis Suárez
71.4%
Netherlands (37)Dennis Bergkamp
70.9%
Spain (36)Fernando Torres
70%
(West) Germany (47)Jürgen Klinsmann
69.5%
Netherlands (34)Ruud van Nistelrooy
68.9%
England (48)Gary Lineker
68.3%
Germany (42)Michael Ballack
66.1%
Sweden (37)Henrik Larsson
62.5%
USA (53)Landon Donovan
61.2%
England (49)Bobby Charlton
60.9%
Costa Rica (45)Paulo Wanchope
60.3%
Uruguay (31)Diego Forlán
60.1%
Ghana (35)Asamoah Gyan
57.2%
Germany (46)Lukas Podolski
55.9%
Czech Republic (38)Milan Baroš
55%
Argentina (35)Hernán Crespo
54.5%
Yugoslavia/Croatia (46)Davor Suker
53%
South Africa (32)Benni McCarthy
52.4%
Scotland (30)Kenny Dalglish
51.7%
Country (Goals) Player % Correct
England (44)Jimmy Greaves
51.6%
Romania (35)Adrian Mutu
50.9%
Finland (32)Jari Litmanen
46.8%
Netherlands (40)Patrick Kluivert
46.8%
USA (30)Brian McBride
43.6%
N. Ireland (35)David Healy
42.2%
Denmark (52)Jon Dahl Tomasson
41.2%
Scotland (30)Denis Law
39.6%
Trinidad (70)Stern John
35.6%
Serbia (37)Savo Milošević
32.2%
Turkey (51)Hakan Şükür
32.1%
Zimbabwe (38)Peter Ndlovu
31.5%
England (30)Tom Finney
30.2%
England (30)Nat Lofthouse
28.3%
Mexico (46)Jared Borgetti
20.5%
Cameroon (33)Patrick Mboma
18.3%
Sweden (30)Marcus Allbäck
13.6%
Ecuador (31)Agustín Delgado
12.3%
Saudi Arabia (44)Sami Al-Jaber
6.6%
Poland (33)Kazimierz Deyna
5.5%
Honduras (34)Milton Núñez
4.7%
India (43)Bhaichung Bhutia
3.8%
England/England Amateurs (73)Vivian Woodward
3.4%
Jamaica (30)Luton Shelton
3.4%
Iran (50)Karim Bagheri
2.7%
China (41)Hao Haidong
1.7%
Trinidad (34)Angus Eve
1.1%
Thailand (65)Kiatisuk Senamuang
1%
Bulgaria (48)Hristo Bonev
0.9%

You're not logged in!

Compare scores with friends on all Sporcle quizzes.
OR
Log In

From the Vault

Kosher Animals

by mischief111111

Little do these animals know they've been labeled.
Remove Ads.
Support Sporcle.
Get the best of Sporcle when you Go Orange. This ad-free experience offers more features, more stats, and more fun while also helping to support Sporcle. Thank you for becoming a member.

Show Comments

Extras

Top Quizzes Today


Score Distribution

Your Account Isn't Verified!

In order to create a playlist on Sporcle, you need to verify the email address you used during registration. Go to your Sporcle Settings to finish the process.

Report this User

Report this user for behavior that violates our Community Guidelines.

Details: